| 000 | 00420cam a2200157ua 4500 | ||
|---|---|---|---|
| 020 | _cRs.3/- | ||
| 041 |
_ahin _h |
||
| 082 |
_a891.54 _bDAR/JA |
||
| 100 | _aDarmadev , Chakravarthy . | ||
| 245 |
_aJan pal Aa bantha hein / _cDarmdev,Chakravarthy. _hTextual Documents |
||
| 260 |
_aNewdelhi : _bCharkaravarthy prakashan , _c1960. |
||
| 300 | _a159 ; . | ||
| 365 | _aRs.3/- | ||
| 504 | _a | ||
| 999 |
_c11937 _d11937 |
||